00814nam a2200241Ia 450000100060000000300090000600800410001504000130005604000130006904100130008210000240009510000290011924500490014824500440019725000110024126000100025226000090026226000490027130000590032050001370037965000250051665000310054192081IT-RoPAU130308s9999 xx 000 0 und d aIT-RoPAU cIT-RoPAU aFRANCESE aRichaudeau Francois gCodice Aut. SPICS: 2061 aTexte le plus efficace que je connaisse (Le) bRecherches Actuelles Sur la Lisibilite' a1a ed. aPARIS bRetz c1984 [1° Ed.:1984 - Ed.Ling.Originale:1984] a"19 p. (prefazione: no ; testo: 19 [pagine: 108-126])" aEfficacia della Scrittura di un testo Leggibilità Primo Fattore di Efficacia Formule di Leggibilità Alain e Proust Come Modello aSAGGI DI LINGUISTICA eCodice materia Spics: 3207